00387nam a2200121Ia 4500008004100000245003900041245001500080260000900095650001100104856005800115999001900173952007300192171211s9999 xx 000 0 und d aWie das Fernsehen den Krieg gewann cIvo Ritzer c2014 xcinema uhttp://www.ebook777.com/film-form-essays-film-theory/ c348729d348729 001040aCLbCLd2017-12-11l0r2017-12-11 00:00:00w2017-12-11yCBE